LEADER 00898nam a2200253 i 4500 001 991003340699707536 005 20020509120445.0 008 010514s1962 fr ||| | fre 035 $ab1114676x-39ule_inst 035 $aPARLA180002$9ExL 040 $aDip.to Filosofia$bita 082 0 $a320 100 1 $aMeynaud, Jean$035458 245 10$aIntroduction à la science politique /$cJean Meynaud 260 $aParis :$bColin,$c1962 300 $a369 p. ;$c24 cm. 490 0 $aCahiers de la Fondation nationale des sciences politiques ;$v100 650 4$aPolitica 907 $a.b1114676x$b23-02-17$c28-06-02 912 $a991003340699707536 945 $aLE005IF XVI A 5$g1$iLE005IFA-1086 bis$lle005$o-$pE0.00$q-$rl$s- $t0$u0$v0$w0$x0$y.i1128755x$z28-06-02 996 $aIntroduction à la science politique$9741059 997 $aUNISALENTO 998 $ale005$b01-01-01$cm$da $e-$ffre$gfr $h0$i1